000 00625nam a22001817a 4500
999 _c184160
_d184160
005 20220121125720.0
010 _aENG-131109
020 _a978-93-544-9296-9
_c573.00
035 _aEN-114641
037 _bDBAD
082 _a615.1
100 _aShah, Umang
245 _aGPAT:
_bAnd Other Competitive Examinations in Pharmacy/
_cUmang Shah [ Et all ]
260 _aUttar Pradesh
_bPearson India Education Services Pvt. Ltd
_c2021
270 _bUttar Pradesh
_a15th Floor, Tower-B, World Trade Tower, Plot No. 1, Block-C, Sector 16
_e201301
300 _a856p.
_c28cm(pbk)
942 _2ddc
_cEN
_h615.1
_mSHA